000 00524nam a2200169 i 4500
001 61605
003 ES-MaACL
005 20230906164513.0
007 t|
008 031113s1921 sp ||||1| spa d
100 1 _aFábrega y Cortés, Magín.
_948551
245 1 0 _aLecciones de práctica forense
_b: (segundo curso de procedimientos judiciales) /
_cpor Magín Fábrega y Cortés.
250 _a2ª ed.
260 _aBarcelona :
_b[s.n.],
_c1921 (
_fLa Neotipia)
300 _a676 p. ;
_c23 cm.
852 _aES-MaACL
_jA-748
999 _c61605
_d61605